| 000 | 00395nam a22001337a 4500 | ||
|---|---|---|---|
| 082 |
_a345.4201 _bKAT |
||
| 100 | _aKataria, R.P. | ||
| 245 |
_aGuide to Criminal Pleading and Drafting with Model Forms / _cR.P. Kataria |
||
| 260 |
_aLahore : _bOmer Law Book House, _c2020. |
||
| 300 | _a784 p. | ||
| 563 | _aHB. | ||
| 650 |
_aLaw, Criminal Pleading and Drafting _9128155 |
||
| 942 |
_2ddc _cBK |
||
| 999 |
_c613197 _d613197 |
||